000 004200000a22001690004500
041 0 _aSPA
082 0 4 _aG 261 L9911c
100 1 _aLyon, David
245 1 0 _aCristianismo y sociología / David Lyon
260 _aBuenos Aires, Argentina : Certeza
300 _a94 Pag
001 6746
942 _cBK
999 _c37012
_d37012
336 _atexto
_btxt
_2rdacontent
337 _2rdamedia
_asin mediación
_bn
338 _2rdacarrier
_avolumen
_bnc